书目信息 |
| 题名: |
电视受众研究
|
|
| 作者: | 塔洛克 著 ;严忠志 译 | |
| 分册: | ||
| 出版信息: | 北京 商务印书馆 2004 |
|
| 页数: | 418页 | |
| 开本: | 20cm | |
| 丛书名: | 文化和传播译丛 | |
| 单 册: | ||
| 中图分类: | G223 | |
| 科图分类: | ||
| 主题词: | 电视--观众--研究 | |
| 电子资源: | ||
| ISBN: | 7-100-03801-4 | |
| 000 | 01258nam0 2200289 450 | |
| 001 | TS2006043234 | |
| 005 | 20061206091725.28 | |
| 010 | @a7-100-03801-4@dCNY22.00 | |
| 100 | @a20060829d2004 em y0chiy0120 ea | |
| 101 | 1 | @achi@ceng |
| 102 | @aCN@b110000 | |
| 105 | @ay z 001yy | |
| 200 | 1 | @a电视受众研究@ADian Shi Shou Zhong Yan Jiu@dWatching Television Audiences: Cultural Theories & Methods@e文化理论与方法@EWen Hua Li Lun Yu Fang Fa@f(英)约翰·塔洛克(John Tulloch)著@F( Ying ) Yue Han· Ta Luo Ke (John Tulloch) Zhu@g严忠志译@zeng |
| 210 | @a北京@c商务印书馆@d2004 | |
| 215 | @a418页@d20cm | |
| 225 | 2 | @a文化和传播译丛 |
| 305 | @a据阿诺德出版公司2000年版译出 | |
| 330 | @a本书围绕电视受众在方法、理论和认识论层面进行讨论,考察了过去三十年中受众研究的发展情况,并针对“电视暴力”、动画片的“模态与方法”等内容探讨了受众研究领域的新的话题。 | |
| 410 | 0 | @12001 @a文化和传播译丛 |
| 510 | 1 | @aWatching Television Audiences: Cultural Theories & Methods@zeng |
| 517 | 1 | @a文化理论与方法@AWen Hua Li Lun Yu Fang Fa |
| 606 | 0 | @a电视@x观众@x研究 |
| 690 | @aG223@v4 | |
| 701 | A1 | @a塔洛克@ATa Luo Ke@b约翰@g(Tulloch, John)@4著 |
| 702 | 0 | @a严忠志@AYan Zhong Zhi@c(新闻学)@4译 |
| 801 | 0 | @aCN@b中图数据@c20061206 |
| 905 | @a10447@dG223@e35 | |
| 电视受众研究=Watching Television Audiences: Cultural Theories & Methods:文化理论与方法/(英)约翰·塔洛克(John Tulloch)著/严忠志译.-北京:商务印书馆,2004 |
| 418页;20cm.-(文化和传播译丛) |
| ISBN 7-100-03801-4:CNY22.00 |
| 本书围绕电视受众在方法、理论和认识论层面进行讨论,考察了过去三十年中受众研究的发展情况,并针对“电视暴力”、动画片的“模态与方法”等内容探讨了受众研究领域的新的话题。 |
| ● |
| 相关链接 |
|
|
|
|
正题名:电视受众研究
索取号:G223/35
 
预约/预借
| 序号 | 登录号 | 条形码 | 馆藏地/架位号 | 状态 | 备注 |
| 1 | 0615785 | 206157852 | 第一样本阅览室/ [索取号:G223/35] | 在馆 | |
| 2 | 0615786 | 206157861 | 第四借阅区/ [索取号:G223/35] | 在馆 | |
| 3 | 0615787 | 206157870 | 第四借阅区/ [索取号:G223/35] | 在馆 |